top 100 cities missing 20 cities #1 - Statistics

General Stats
  • This quiz has been taken 17 times
  • The average score is 14 of 20
Answers on the Map
Answers color-coded by a green-red scale on the quiz's map according to % correct below.
 
Answer Stats
Population: % Correct
18,800,000
94%
16,800,000
88%
12,000,000
88%
6,700,000
88%
14,800,000
81%
27,800,000
81%
41,200,000
81%
7,800,000
69%
72,700,000
69%
16,300,000
69%
17,900,000
69%
6,350,000
69%
23,100,000
63%
7,200,000
63%
25,400,000
63%
7,500,000
63%
6,050,000
56%
7,350,000
56%
8,000,000
56%
5,650,000
0%
No matching quizzes found
Score Distribution
Percent of People with Each Score
Percentile by Number Answered
Your Score History
You have not taken this quiz